Revista Municipal del Cusco / (Record no. 22026)

000 -CABECERA
fixed length control field 02663nam a22002537a 4500
003 - IDENTIFICADOR DEL NÚMERO DE CONTROL
control field AR-CdUCM
008 - DATOS DE LONGITUD FIJA--INFORMACIÓN GENERAL
fixed length control field 190425b ||||| |||| 00| 0 spa d
040 ## - FUENTE DE LA CATALOGACIÓN
Agencia/entidad que catalogó originalmente la obra MUNICIPALIDAD PROVINCIAL DEL CUSCO
Entidad que transcribió la catalogación BIBLIOTECA MUNICIPAL DEL CUSCO
082 ## - NÚMERO DE LA CLASIFICACIÓN DECIMAL DEWEY
No. de Clasificación Rev. Muni/N°1/1991
110 ## - ENTRADA PRINCIPAL--NOMBRE DE ENTIDAD CORPORATIVA
Nombre de la institución, jurisdicción como entrada principal Municipalidad Provincial del Cusco
9 (RLIN) 47190
245 ## - MENCIÓN DE TÍTULO
Título Revista Municipal del Cusco /
Mención de responsabilidad Municipalidad Provincial del Cusco
260 ## - PUBLICACIÓN, DISTRIBUCIÓN, ETC.
Lugar de publicación, distribución, etc. Cusco.
Nombre de la editorial, distribuidor, etc. Mercantil,
Fecha de publicación, distribución, etc. 1990.
300 ## - DESCRIPCIÓN FÍSICA
Nº de Páginas Extensión 118 páginas. :
Dimensiones 28 cm.
440 ## - MENCIÓN DE SERIE/PUNTO DE ACCESO ADICIONAL--TÍTULO
Título Revista Municipal del Cusco.
Número de la parte/sección de una obra Año I, N°1, segunda época 1990.
9 (RLIN) 47200
505 ## - NOTA DE CONTENIDO CON FORMATO
Nota de contenido formateada Contenido: El calendario de los incas. Manuel Chávez Ballón. -- La intangibilidad arqueológica virreinal y republicana del Cusco. Arminda Gibaja Oviedo. -- Los topónimos, la toponimia y la ciudad del Cusco. Víctor Angles Vargas . -- Doña Clorinda Matto de Turner, Periodista. Alcides F. Estrada. -- El primer Corpus Christi cusqueño. Jorge Flores Ochoa. -- Protección del entorno paisajístico arqueológico y ecológico del Cusco. José Carlos Gutiérrez. -- El carácter revolucionario de la obra del Inca Garcilaso y la influencia incaica en el socialismo científico. Julio Antonio Gutiérrez Samanez. -- Localismo y universalidad en la narración Latinoamericana. Gustavo Pérez Ocampo. -- Papeles viejos, pasado que se hace presente iniciación del movimiento sindical y la fundación del primer Sindicato Obrero cusqueño. Julio Gutiérrez Loayza. -- Para ver el teatro nacional desde la butaca provincial. Guido Guevara U. Zulema Arriola. -- Elementos para el diagnostico de la problemática productiva en los barrios populares. Vidal Pino Zambrano. El edicto municipal 002, seis años después. Rafael Velarde Alvarado. El Cusco tendrá finalmente su teatro municipal. La redacción. -- La republica del Cusco. Alcides F. Estrada. -- Acta extraordinaria de la instalación del Concejo Municipal del Cusco -- Comentarios de la obra Música Inkaika del musicólogo cusqueño Policarpo Caballero Farfán -- Relación de los funcionarios de la Municipalidad del Cusco -- Notas culturales -- Himno al Cusco -- Estafeta -- Concejo Municipal Provincial del Cusco Alcalde y Regidores -- Ley que establece la Semana del Cusco Ley 10196 -- Medalla de la ciudad -- Oración al Cusco -- Trabajo de comisiones notas breves -- Decretos de Alcaldía, resoluciones, acuerdos municipales, normas legales.
650 ## - PUNTO DE ACCESO ADICIONAL DE MATERIA--TÉRMINO DE MATERIA
Descriptor Historia del Cusco
9 (RLIN) 1714
650 ## - PUNTO DE ACCESO ADICIONAL DE MATERIA--TÉRMINO DE MATERIA
Descriptor Inkas
9 (RLIN) 1899
650 ## - PUNTO DE ACCESO ADICIONAL DE MATERIA--TÉRMINO DE MATERIA
Descriptor Cusqueñismo
9 (RLIN) 2721
700 ## - PUNTO DE ACCESO ADICIONAL--NOMBRE DE PERSONA
Nombre Personal Angles Vargas, Víctor
9 (RLIN) 47201
700 ## - PUNTO DE ACCESO ADICIONAL--NOMBRE DE PERSONA
Nombre Personal Flores Ochoa, Jorge
9 (RLIN) 2915
700 ## - PUNTO DE ACCESO ADICIONAL--NOMBRE DE PERSONA
Nombre Personal Gutiérrez Loayza, Julio
9 (RLIN) 46116
942 ## - ELEMENTOS DE PUNTO DE ACCESO ADICIONAL (KOHA)
Fuente de clasificación
Tipo de item Revistas cusqueñas
945 ## - PROCESAMIENTO DE INFORMACIÓN LOCAL (OCLC)
Catalogador rac
Holdings
Estado de retiro (separado) Fuente de clasificación o esquema de estanterías Estado dañado Ubicación Sala donde se ubica Nombre de la colección Fecha de adquisición o compra Costo, precio normal en soles Signatura topográfica Código de Barras Última vez visto (Koha) Tipo de ítem (Koha)
No     Sala Hemeroteca Sala Hemeroteca Book Cart 2022-02-11 10.00 Rev.Muni/N°1/1990 REVC000596 2022-02-11 Revistas cusqueñas

Powered by Koha